1746 1374 1086 1652 1795 1016 1875 1764 1500 1702 1459 1298 1818 1079 1010 1268 1105 1362 1015 1191 1364 1848 1311 1578 1017 1050 1201 1758 1752 1989 1589 1518 1899 1885 1895 1724 1284 1496 1183 1406 1355 1677 1805 1576 1271 1318 1821 1554 1716 1633 1515 1869 1929 1394 1439 1312 1256 1350 1423 1617 1491 1554 1770 1031 1546 1096 1021 1860 1329 1062 1054 1561 1363 1371 1838 1480 1922 1640 1141 1177 1335 1748 1237 1306 1863 1333 1744 1226 1806 1893 1585 1971 1405 1197 1281 1233 1648 1972 1590 BCNSPRNW ULIB Ver.6.0+V

เปลี่ยนเป็นภาษาไทย

Change to English
 แสดงรายละเอียดบรรณานุกรม
  กลับหน้าหลัก

Brief Record : Get Marc (ISO 2709) : E-mail record : QR code < ปิดหน้าต่าง
LEADER : 00000nam 2200000uu 4500
001    13399124423
003     ULIB
008    020711s2550 th a 000 0 tha d
020    9789749899281
090    นว.^bย111ค
100    โยโคมิโซะ เซซิ ;^eเขียน
245    คินดะอิจิยอดนักสืบ ตอนที่4 : ร่างทรงมรณะ/^cโยโคมิโซะ เซซิ ; เขียน , เสาวณีย์ นวรัตน์จำรูญ ; แปล
250    พิมพ์ครั้งที่ 6
260    กรุงเทพฯ :^bjbook,^c2550
300    296 หน้า;^b21 ซม.
650    นิยายแปล
700    เสาวณีย์ นวรัตน์จำรูญ ;^eแปล
710    jbook
945    ^p220^l0^i22984
999    ^aทศพร เกษรทอง
รายการนี้ยังไม่มีแท็ก
คุณยังไม่ได้ล็อกอิน คุณสามารถมีกิจกรรมร่วมกับเว็บไซต์ได้ แต่ต้องล็อกอินก่อน ::
  ล็อกอิน

รายการสื่อสารสนเทศ

ลำดับที่ ประเภท เลขเรียก/บาร์โค้ด สถานที่ สถานะ
1. นวนิยาย
นวนิยาย
นว. ย111ค ฉ.1 
  Barcode: 22984
ห้องสมุดวิทยาเขตนครสวรรค์
►นวนิยาย:l:Fiction
บนชั้น

รายการใกล้เคียง
    หัวเรื่อง [นิยายแปล]

BibComment


ยังไม่เคยถูกคอมเมนท์

คอมเมนท์ทรัพยากรรายการนี้
  คอมเมนท์: คินดะอิจิยอดนักสื..


 Copyright 2026. Bcnsprnw @Library